00150nam a22000857a 4500082001300000100001500013245002000028260000900048300000700057 a620.1MIL aMiller W R aPower machinces c1978 a91